| 000 | 00499 a2200145 4500 | ||
|---|---|---|---|
| 001 | ART_34369 | ||
| 005 | 20260410162004.0 | ||
| 008 | 260409a | ||
| 245 | 1 | 0 | _aFar from champions, close to midgets international production sharing in central and south America |
| 100 | 1 | _aCalfat, Germán | |
| 700 | 1 | _aCassimon, Danny | |
| 700 | 1 | _aFlôres, Renato G., Jr. | |
| 700 | 1 | _aRivas, Ana | |
| 773 | 0 |
_tRevista de economía y estadística _g- Vol. XLIX, Nº 1 (jun. 2011) _wREV34359 |
|
| 999 |
_c31591 _d31591 |
||